Dzielnice Warszawy według granic w 15 sekund - Statystyki

Ogólne statystyki
  • Ten quiz został rozwiązany 74 razy
  • Średni wynik to 15 z 18
Odpowiedzi na mapie
Odpowiedzi zakodowano w zielono-czerwonej skali na mapie do tego quizu, zgodnie z poniższymi procentami.
 
Statystyki odpowiedzi
Dzielnica % Poprawnych
Praga-Południe
100%
Śródmieście
100%
Praga-Północ
97%
Żoliborz
97%
Mokotów
92%
Wola
92%
Ochota
87%
Wawer
87%
Włochy
87%
Bemowo
85%
Targówek
82%
Wilanów
77%
Białołęka
74%
Rembertów
74%
Bielany
69%
Ursus
64%
Ursynów
64%
Wesoła
59%
Nie znaleziono quizów pasujących do podanych kryteriów
Rozkład punktacji
Procent ludzi z każdym wynikiem
Percentyl według liczby udzielonych odpowiedzi
Twoja historia wyników
Nie rozwiązałeś tego quizu